| 000 | 00423nam a2200157 a 4500 | ||
|---|---|---|---|
| 001 | 000031545 | ||
| 005 | 20200930063014.0 | ||
| 008 | 110627s20uu dr 000 0 spa d | ||
| 040 |
_aDO-SdBNP _bspa _bBNPHU |
||
| 082 |
_axxxx _bG216p |
||
| 100 | 1 |
_aGarcía, Diógenes _98453 |
|
| 245 | 1 | 0 |
_aPáginas de amor / _cDiógenes García. |
| 260 |
_a[Santo Domingo : _bs. n., _c20uu?]. |
||
| 300 |
_a24 p. ; _c21 cm. |
||
| 049 | _aBNPD | ||
| 999 |
_c31037 _d31037 |
||